000 00665nam a2200181 a 4500
001 000036241
005 20200930075629.0
008 120111s1972 mx a 000 0 spa d
020 _a9682500923
040 _aDO-SdBNP
_bspa
_cBNPHU
082 _axxxx
_bE56
240 1 0 _aHospital research and educational trust
_lInglés
245 0 0 _aEnfermera auxiliar :
_bserie para auxiliares hospitalarios /
_ctraducción Amalia Vistrain de Morales, Vicente Agut Armer.
260 _aMéxico :
_bNueva Editorial Interamericana,
_c1972.
300 _a[350 p.] :
_bil. ;
_c27 cm.
700 1 2 _aVistrain de Morales, Amalia,
_etr.
_962324
700 1 2 _aAgut Armer, Vicente,
_etr.
_941657
999 _c35732
_d35732